000 00275 a2200097 4500
001 54475
100 _aMendenhall, Michael R.
245 _aTactical Missile Aerodynamics; Prediction Methodology, 2nd
260 _aAmrica
_bAIAA AIAA AIAA
_c1992
090 _c33909
_d33909
942 _aNUST-CAE
_cMONOGRAPH
_c26568
999 _c289548
_d289548